00453nam a22001457a 450000500170000000800410001702000180005804100090007608200170008510000170010224500880011926000580020730000190026565000230028420250319161230.0250319b |||||||| |||| 00| 0 eng d a9781847207777 aEng. a658.4012 TAN aTan, Kim Hua aOperations Strategy in Action: A Guide to the Theory and Practice of Implementation aCheltenham, UKbEdward Elgar Publishing Limitedc2009 a223;. P. 23 cm aStrategic Planning